00683nam a2200181Ia 4500952009300000999001700093008004100110082001700151245005700168260006400225300003500289500003400324519004300358650002000401650003200421650004100453942000700494 00104070a01b01d2007-01-25l0o005.369 Q29p01 003151r2012-06-24t1w2012-06-24yLB c58928d58928120622s9999 xx 000 0 und d a005.369bQ29 aQuattro Prob : versión 4.0 : funciones @ y macros aScotts Valley, California, USAb: Borland Internationalc,  a172 páginasb: ilustraciones aIncluye: Índice temático aMaterial Complementario /d(01 003151)14aQUATTRO PRO 4.024aPROGRAMAS PARA COMPUTADORAS24aPROCESAMIENTO ELECTRÓNICO DE DATOS cLB